| 000 | 00374nam a22001457a 4500 | ||
|---|---|---|---|
| 082 |
_a332 _bCRE |
||
| 100 |
_aCrew, Albert _949230 |
||
| 245 | _aEconomics for commercial students. | ||
| 250 | _a6th ed. | ||
| 260 |
_aLondon _bJordan & Sons ltd. _c1923 |
||
| 300 |
_axvi, 422 p. _bill. |
||
| 526 |
_a0 _b0 _c0 _d332_000000000000000_CRE |
||
| 650 |
_aMCE _9379 |
||
| 942 |
_2ddc _cBK |
||
| 999 |
_c552040 _d552040 |
||